000 00799nam a22002177a 4500
005 20150427110449.0
010 _aENG-112314
020 _a9781138796003
_c695.00
035 _aEN-95846
037 _bDBAD/PUB
082 _a306.0954
245 _aSecularism,religion, and politics :
_cedited by Peter Losonczi [and] Walter Van Herck
_bIndia and Europe /
260 _aNew Delhi
_bRoutledge
_c2015
270 _a912,Tolstoy House, 15-17 Tolstoy Marg, Connaught Place
_bNew Delhi
_e110001
300 _axiv,222p.
_c22cm(Hb)
490 _aEthics, Human rights and global political thought ; edited by Sebastiano Maffettone [and] Aakash Singh Rathore
500 _aIncludes index
700 _aLosonczi, Peter
700 _aHerck, Walter Van
942 _2ddc
_cEN
_mSEC
_h306.0954
999 _c91996
_d91996